000 00479nam a22001577a 4500
020 _a9780070659940
040 _cNUST
082 _a620.105
_bBEE
100 _aFerdinand P. Beer
_913404
110 _aE. Russell Johnston, Jr.
_9123991
245 _aVector Mechanics for Engineers Statics and Dynamics
250 _aEighth Edition
260 _aNew Delhi:
_bTata McGraw Hill,
_c2007.
650 _aVector Mechanics for Engineers Statics and Dynamics
_9123992
942 _2ddc
_cBK
999 _c609976
_d609976